Denitrification /

Bibliographic Details
Main Author: Payne, W. J. (William Jackson), 1925-
Format: Book
Language:English
Published: New York : Wiley, [1981]
Subjects:

MARC

Tag First Indicator Second Indicator Subfields
LEADER 00000pam a2200000 a 4500
001 in00000070327
005 20151008061709.0
008 810504s1981 nyua b 00110 eng
010 |a  81003363  
020 |a 0471047643 
035 |a (OCoLC)07552878 
035 |9 AAJ8623AM 
039 0 |a 2  |b 3  |c 3  |d 3  |e 3 
040 |a DLC  |c DLC  |d TXA  |d UtOrBLW 
049 |a TXAM  |c [386998] 
050 0 0 |a QR111  |b .P39 
082 0 |a 589.9/01/9214  |2 19 
100 1 |a Payne, W. J.  |q (William Jackson),  |d 1925- 
245 1 0 |a Denitrification /  |c W.J. Payne. 
264 1 |a New York :  |b Wiley,  |c [1981] 
264 4 |c ©1981 
300 |a xiv, 214 pages :  |b illustrations ;  |c 24 cm. 
336 |a text  |b txt  |2 rdacontent 
337 |a unmediated  |b n  |2 rdamedia 
338 |a volume  |b nc  |2 rdacarrier 
500 |a "A Wiley-Interscience publication." 
500 |a Includes index. 
504 |a Bibliography: pages 185-208. 
650 0 |a Denitrifying bacteria. 
650 0 |a Nitrogen cycle. 
999 |a MARS 
999 f f |s 383ddcc9-779a-316d-8f8e-f339c281aab6  |i 0d44f7c2-4461-345a-9caf-1555ada279f5  |t 0 
952 f f |p ric  |a Texas A&M University  |b Rellis Campus  |c Joint Library Facility  |d Remote Storage  |t 0  |e QR111 .P39  |h Library of Congress classification  |i unmediated -- volume  |m A14806226198 
998 f f |a QR111 .P39  |t 0  |l Remote Storage